[Event "Pan American Intercollegiate-chT"]
[Site "Dulles"]
[Date "2022.01.08"]
[Round "4.4"]
[White "Yaskolko, Maxim"]
[Black "Nguyen, Dang Minh"]
[Result "1-0"]
[WhiteElo "1980"]
[BlackElo "1808"]
[PlyCount "151"]
[EventDate "2022.01.06"]
[EventType "team-swiss"]
[EventRounds "6"]
[EventCountry "USA"]
[SourceTitle "EXT 2023"]
[Source "ChessBase"]
[SourceDate "2022.10.05"]
[SourceVersion "1"]
[SourceVersionDate "2022.10.05"]
[SourceQuality "1"]
[WhiteTeam "Yale"]
[BlackTeam "Texas Austin Univ II"]
[WhiteTeamCountry "USA"]
[BlackTeamCountry "USA"]

1. e4 c5 2. Nf3 e6 3. d4 cxd4 4. Nxd4 Nf6 5. Nc3 d6 6. g4 h6 7. h4 Nc6 8. Rg1 a6 9. g5 hxg5 10. hxg5 Nd7 11. g6 Nde5 12. gxf7+ Nxf7 13. Be3 Qc7 14. Be2 Nce5 15. Qd2 Bd7 16. 0-0-0 0-0-0 17. Kb1 Nc4 18. Bxc4 Qxc4 19. f4 Rh7 20. Qg2 g5 21. fxg5 Ne5 22. Qf1 Rg7 23. Nf3 Qxf1 24. Rdxf1 Ng6 25. Bd4 e5 26. Bb6 Re8 27. Nd5 Bc6 28. c4 Be7 29. Be3 Bd8 30. Nd2 Nh4 31. Kc2 Reg8 32. Nf6 Bxf6 33. Rxf6 Kd7 34. Kd3 Ke7 35. Nb3 Rf8 36. Rxf8 Kxf8 37. Na5 Ke7 38. Nxc6+ bxc6 39. b4 Ke6 40. a4 Rb7 41. Kc3 d5 42. exd5+ cxd5 43. cxd5+ Kxd5 44. Rg4 Ng6 45. Rc4 Ne7 46. Rc5+ Ke4 47. Bd2 Rb6 48. Kc4 Nf5 49. b5 axb5+ 50. axb5 Rd6 51. Bc3 Nd4 52. Ba5 Kf4 53. Bc7 Nxb5 54. Kxb5 Rg6 55. Bd8 e4 56. Rc6 Rg8 57. Bf6 e3 58. Re6 Kf3 59. Kc4 e2 60. Kd3 Kf4 61. Rxe2 Kf5 62. Kd4 Ra8 63. Kd5 Ra6 64. Rc2 Rb6 65. Rc6 Rb1 66. Kd6 Re1 67. Rc5+ Kg6 68. Rc7 Re2 69. Rg7+ Kf5 70. Rg8 Re4 71. Bd8 Re2 72. Kd7 Re1 73. Be7 Rb1 74. Ke8 Ke6 75. Rg6+ Kf5 76. Rf6+ 1-0

[Event "Pan American Intercollegiate-chT"]
[Site "Dulles"]
[Date "2022.01.07"]
[Round "3.4"]
[White "Grabinsky, Aaron"]
[Black "Yaskolko, Maxim"]
[Result "1-0"]
[WhiteElo "2421"]
[BlackElo "1980"]
[PlyCount "61"]
[EventDate "2022.01.06"]
[EventType "team-swiss"]
[EventRounds "6"]
[EventCountry "USA"]
[SourceTitle "EXT 2023"]
[Source "ChessBase"]
[SourceDate "2022.10.05"]
[SourceVersion "1"]
[SourceVersionDate "2022.10.05"]
[SourceQuality "1"]
[WhiteTeam "Texas Dallas Univ II"]
[BlackTeam "Yale"]
[WhiteTeamCountry "USA"]
[BlackTeamCountry "USA"]

1. e4 c5 2. Nf3 Nc6 3. Bb5 g6 4. 0-0 Bg7 5. Bxc6 bxc6 6. Re1 Nh6 7. c3 0-0 8. d4 cxd4 9. cxd4 f6 10. h3 d6 11. d5 Bd7 12. Nc3 Nf7 13. Nd4 cxd5 14. exd5 f5 15. Ne6 Bxe6 16. dxe6 Ne5 17. Nd5 Re8 18. Qa4 Nd3 19. Re2 Qc8 20. Bg5 Nxb2 21. Qh4 Nd3 22. Rd1 Ne5 23. Nxe7+ Rxe7 24. Bxe7 Qxe6 25. Kf1 Bf8 26. Bxf8 Rxf8 27. Qd4 Qc4 28. Qxc4+ Nxc4 29. Re7 Rf7 30. Rxf7 Kxf7 31. Rd4 1-0

[Event "Windsor NAYCC U14"]
[Site "Windsor"]
[Date "2016.08.10"]
[Round "7.64"]
[White "Liu, Zhanhe"]
[Black "Yaskolko, Maxim"]
[Result "1-0"]
[WhiteElo "1827"]
[BlackElo "2014"]
[PlyCount "145"]
[EventDate "2016.08.07"]
[EventType "swiss"]
[EventRounds "9"]
[EventCountry "CAN"]
[SourceTitle "EXT 2022"]
[Source "ChessBase"]
[SourceDate "2021.10.06"]
[SourceVersion "1"]
[SourceVersionDate "2021.10.06"]
[SourceQuality "1"]

1. e4 c5 2. Nf3 d6 3. d4 cxd4 4. Nxd4 Nf6 5. Nc3 g6 6. Be3 Bg7 7. f3 0-0 8. Qd2 Nc6 9. 0-0-0 d5 10. Kb1 Nxd4 11. e5 Nd7 12. Bxd4 Nxe5 13. Qe3 Nc6 14. Bxg7 Kxg7 15. Rxd5 Qc7 16. Bb5 Be6 17. Rc5 a6 18. Bxc6 bxc6 19. Qe5+ Qxe5 20. Rxe5 Rfd8 21. Kc1 Rd7 22. Rc5 Rc8 23. b3 f5 24. Rd1 Kf6 25. Rxd7 Bxd7 26. Ra5 Ra8 27. Na4 Ra7 28. Nc5 Bc8 29. b4 Ke5 30. Kd2 Kd6 31. Ke3 e5 32. Nd3 f4+ 33. Kd2 Re7 34. Nc5 Ra7 35. c4 h6 36. Ne4+ Ke6 37. Nc5+ Kd6 38. Ne4+ Ke6 39. Ke2 Ra8 40. Kd3 Rb8 41. Kc3 Ra8 42. Nc5+ Kd6 43. Ne4+ Ke6 44. b5 cxb5 45. cxb5 Kd5 46. bxa6+ Kc6 47. a7 Kb6 48. Ra3 Ba6 49. Nc5 Bf1 50. Nd7+ Kc7 51. Nxe5 Bxg2 52. Nxg6 Bxf3 53. Nxf4 Kb7 54. Kd4 Bd1 55. Ke5 Rxa7 56. Rxa7+ Kxa7 57. Kf6 Ka6 58. Kg6 Ka5 59. Kxh6 Ka4 60. h4 Ka3 61. Kg5 Kxa2 62. Nd5 Kb3 63. Ne3 Be2 64. Ng4 Kc4 65. h5 Kd5 66. h6 Bd3 67. Kf6 Kd6 68. Ne5 Bh7 69. Kg7 Ke7 70. Kxh7 Kf8 71. Kg6 Kg8 72. h7+ Kh8 73. Nf7# 1-0

[Event "Toronto NAYCC U10"]
[Site "Toronto"]
[Date "2013.08.16"]
[Round "4"]
[White "Niemann, Hans Moke"]
[Black "Yaskolko, Maxim"]
[Result "1-0"]
[WhiteElo "1835"]
[BlackElo "1741"]
[PlyCount "105"]
[EventDate "2013.08.14"]
[EventType "swiss"]
[EventRounds "9"]
[EventCountry "CAN"]
[SourceTitle "EXT 2022"]
[Source "ChessBase"]
[SourceDate "2021.10.06"]
[SourceVersion "1"]
[SourceVersionDate "2021.10.06"]
[SourceQuality "1"]

1. e4 c5 2. Nf3 d6 3. d4 cxd4 4. Nxd4 Nf6 5. Nc3 g6 6. Be3 Bg7 7. f3 0-0 8. Qd2 Nc6 9. 0-0-0 d5 10. Nxc6 bxc6 11. exd5 Nxd5 12. Nxd5 cxd5 13. Qxd5 Qc7 14. Qc5 Qb7 15. Bd4 Bf5 16. Qb5 Rfc8 17. c3 Bh6+ 18. Rd2 Bxd2+ 19. Kxd2 Qxb5 20. Bxb5 Rab8 21. c4 Rd8 22. Ke3 Rb7 23. g4 Be6 24. b3 f6 25. g5 Kf7 26. Kd3 Bd7 27. Ba6 Rc7 28. Kc3 Bc6 29. gxf6 exf6 30. b4 Rcd7 31. Rd1 Bxf3 32. Rd2 Bc6 33. c5 Re7 34. Bc4+ Bd5 35. Bxd5+ Rxd5 36. Kc4 Rdd7 37. c6 Rc7 38. b5 Re8 39. a4 Rb8 40. Rf2 Kf8 41. Rxf6+ Rf7 42. Rxf7+ Kxf7 43. Kc5 Ke6 44. c7 Rc8 45. Kc6 g5 46. Bxa7 h5 47. b6 Rf8 48. b7 Rf1 49. b8Q Rc1+ 50. Bc5 Kf7 51. c8R g4 52. Qf4+ Ke6 53. Re8# 1-0